| 000 | 00667cam a22002171 4500 | ||
|---|---|---|---|
| 001 | med47000948 | ||
| 003 | DLC | ||
| 005 | 20260227111601.0 | ||
| 008 | 820128s1943 xx a 000 0 dut | ||
| 010 | _amed47000948 | ||
| 035 | _a(OCoLC)14744953 | ||
| 040 |
_aDLC _cDNLM _dDLC |
||
| 042 | _apremarc | ||
| 050 | 0 | 0 |
_aRT41 _b.D4 1943 |
| 060 | 0 |
_aWY 100 _bD295L 1943 |
|
| 100 | 1 | _aDeckx, Hendrik. | |
| 245 | 1 | 0 |
_aLeerboek voor ziekenverpleging opgesteld volgens de officieele leerprogramma's _cdoor ... Deckx [en andere] ... |
| 250 | _a8. druk geheel herzien en bezorgd ... | ||
| 260 |
_aAntwerpen [etc.] _bStandaard-boekhandel, _c1943. |
||
| 300 |
_a1079 p. _bill. |
||
| 999 |
_c38223 _d38223 |
||